| 000 | 00631nam a22002177a 4500 | ||
|---|---|---|---|
| 005 | 20150330102204.0 | ||
| 008 | 100831s2011 nyua 001 0 eng | ||
| 020 | _a9780071744560 | ||
| 041 | 0 | _aeng | |
| 080 | _a004 | ||
| 100 | 1 | _aHolland, Charlie, | |
| 245 | 1 | 0 |
_aMicrosoft SharePoint 2010 web applications : _cCharlie Holland. |
| 260 |
_aNew York : _bMcGraw-Hill, _c2011. |
||
| 300 |
_a537 f. : _bme il.; _c23 cm. |
||
| 505 | _aIndex: f. 527 - 537 | ||
| 630 | 0 | 0 | _aMicrosoft SharePoint (Electronic resource) |
| 650 | 0 | _aKompjuterat | |
| 650 | 0 | _aInterneti | |
| 650 | 0 | _aProgramet | |
| 942 |
_2udc _cBK |
||
| 999 |
_c626 _d626 |
||